[Event "ICS rated blitz match"]
[Site "204.178.125.65"]
[Date "2000.10.06"]
[Round "?"]
[White "QueenMaxima"]
[Black "Hossa"]
[Result "1-0"]
[WhiteElo "2506"]
[BlackElo "2526"]
[PlyCount "163"]
[EventDate "2000.??.??"]

1. d4 e6 2. e3 c5 3. c3 d5 4. Nf3 Nf6 5. Be2 Nc6 6. O-O c4 7. b3 b5 8. a4 Na5
9. Nfd2 bxa4 10. bxc4 Bd7 11. c5 Be7 12. Bd3 O-O 13. Bc2 Bb5 14. Re1 Qb8 15.
Bxa4 Bd3 16. Bc2 Bxc2 17. Qxc2 Qc7 18. e4 dxe4 19. Nxe4 Nc6 20. Nxf6+ Bxf6 21.
Qe4 a5 22. Bf4 Qd7 23. Na3 Qd5 24. Qxd5 exd5 25. Nb5 Be7 26. Nc7 Rad8 27. Reb1
g5 28. Bg3 f5 29. Rb6 Rf6 30. Re1 Kf7 31. h4 gxh4 32. Bxh4 Rg6 33. Bg3 Rd7 34.
Ne6 Rxe6 35. Rxe6 Kxe6 36. Rxc6+ Kf7 37. Be5 h5 38. Ra6 Rd8 39. Rxa5 Re8 40. c6
Ke6 41. c7 Rg8 42. Rb5 Rc8 43. Rb8 Kd7 44. Kf1 Bg5 45. Rb5 Ke6 46. g3 Bc1 47.
c4 dxc4 48. g4 fxg4 49. Bh2 h4 50. Rh5 h3 51. d5+ Kf6 52. d6 Ke6 53. Rh7 Bg5
54. d7 Rxc7 55. Bxc7 c3 56. d8=Q Bxd8 57. Bxd8 Ke5 58. Ba5 c2 59. Rc7 Ke4 60.
Rxc2 Kd4 61. Rb2 Kc5 62. Kg1 Kc4 63. Rb4+ Kc5 64. Kh2 Kc6 65. Rxg4 Kd5 66. Kxh3
Kd6 67. Rg5 Ke6 68. f4 Kd6 69. Kg4 Kc6 70. Kf3 Kd6 71. Ke4 Kc6 72. Rg6+ Kd7 73.
Rg7+ Kc6 74. Rc7+ Kb5 75. Bc3 Kb6 76. Be5 Kb5 77. f5 Kb4 78. f6 Kb5 79. f7 Kb4
80. f8=Q+ Kb5 81. Qb8+ Ka6 82. Ra7# {Hossa checkmated} 1-0

[Event "ICS Rated standard match"]
[Site "204.178.125.65"]
[Date "2000.10.06"]
[Round "?"]
[White "Bootemout"]
[Black "Hossa"]
[Result "1-0"]
[WhiteElo "2022"]
[BlackElo "2441"]
[PlyCount "79"]
[EventDate "2000.??.??"]

1. d4 d5 2. Nf3 Nf6 3. Bf4 Bf5 4. e3 e6 5. Bd3 Bxd3 6. cxd3 c6 7. h3 Na6 8. O-O
Bd6 9. Bg5 h6 10. Bxf6 Qxf6 11. e4 Qg6 12. exd5 exd5 13. Re1+ Kf8 14. Ne5 Qf5
15. Re3 Bxe5 16. Rxe5 Qf4 17. Nd2 Qxd4 18. Nf3 Qxb2 19. Rb1 Qxa2 20. Rxb7 Nc5
21. Rc7 Ne6 22. Rxe6 fxe6 23. Ne5 Kg8 24. Qh5 Qxf2+ 25. Kxf2 Rf8+ 26. Ke2 Rf6
27. g4 g6 28. Nxg6 Rh7 29. Rc8+ Kg7 30. Ne5 a5 31. Qe8 Rf2+ 32. Kxf2 Kf6 33. d4
c5 34. Qg6+ Ke7 35. Rc7+ Kd6 36. Rc6+ Ke7 37. Qxh7+ Kf6 38. Qg6+ Ke7 39. Qxe6+
Kd8 40. Qd7# {Hossa checkmated} 1-0

[Event "ICS rated standard match"]
[Site "204.178.125.65"]
[Date "2000.10.06"]
[Round "?"]
[White "MODIFICADOR"]
[Black "Hossa"]
[Result "0-1"]
[WhiteElo "2037"]
[BlackElo "2415"]
[PlyCount "46"]
[EventDate "2000.??.??"]

1. d4 d5 2. c4 e6 3. Nc3 Nf6 4. cxd5 exd5 5. Bf4 c6 6. e3 Bf5 7. Bd3 Bxd3 8.
Qxd3 Bd6 9. Nge2 Bxf4 10. Nxf4 O-O 11. O-O Na6 12. a3 Nc7 13. b4 Qe7 14. Rfb1
Ng4 15. Qf5 Nxe3 16. fxe3 Qxe3+ 17. Kh1 Qxc3 18. Qe5 Nb5 19. Ne2 Qc4 20. Rc1
Rae8 21. Rxc4 Rxe5 22. dxe5 dxc4 23. a4 Nc7 {MODIFICADOR resigns} 0-1

[Event "ICS Rated standard match"]
[Site "204.178.125.65"]
[Date "2000.10.06"]
[Round "?"]
[White "Hossa"]
[Black "MODIFICADOR"]
[Result "1-0"]
[WhiteElo "2418"]
[BlackElo "2034"]
[PlyCount "119"]
[EventDate "2000.??.??"]

1. e4 c6 2. d4 d6 3. Nf3 Bg4 4. Bf4 e6 5. h3 Bh5 6. Nbd2 Nf6 7. Bd3 d5 8. e5
Nfd7 9. c3 a6 10. Qc2 Bg6 11. Bxg6 hxg6 12. Ng5 Be7 13. Nxe6 fxe6 14. Qxg6+ Kf8
15. Qxe6 Qe8 16. Nf3 Qf7 17. Qg4 Qh5 18. Qxh5 Rxh5 19. g4 Rh8 20. e6 Nf6 21.
Ne5 Ke8 22. Nf7 Rf8 23. Nd6+ Bxd6 24. Bxd6 Rh8 25. f3 Kd8 26. Kd2 Ne8 27. Bc5
a5 28. Ba3 Na6 29. Rae1 b5 30. b3 b4 31. Bb2 Ke7 32. f4 Nd6 33. cxb4 axb4 34.
f5 Ne4+ 35. Ke3 Nc7 36. Ra1 Nb5 37. h4 Ra6 38. h5 Kf6 39. Kf4 Nbc3 40. a4 Ne2+
41. Kf3 N2c3 42. Bc1 Ng5+ 43. Kg2 Nce4 44. Bf4 Rh7 45. Rhc1 Ke7 46. Ra2 Rh8 47.
Rac2 Rc8 48. Be5 Nf6 49. Kg3 Nge4+ 50. Kh4 Nc3 51. g5 Ne8 52. Kg4 c5 53. dxc5
Rxc5 54. Bd4 Rcc6 55. h6 gxh6 56. gxh6 Nf6+ 57. Kh4 Ra8 58. Rg1 Nfe4 59. Rg7+
Kd6 60. Rd7# {MODIFICADOR checkmated} 1-0

[Event "ICS rated standard match"]
[Site "204.178.125.65"]
[Date "2000.10.06"]
[Round "?"]
[White "MODIFICADOR"]
[Black "Hossa"]
[Result "1-0"]
[WhiteElo "2031"]
[BlackElo "2421"]
[PlyCount "131"]
[EventDate "2000.??.??"]

1. d4 d5 2. c4 e6 3. Nc3 Nf6 4. cxd5 exd5 5. Bf4 c6 6. e3 Bf5 7. Bd3 Bxd3 8.
Qxd3 Bd6 9. Nge2 Bxf4 10. Nxf4 O-O 11. O-O Na6 12. a3 Nc7 13. Na4 Nd7 14. Rfc1
Qg5 15. b4 Rab8 16. Nc5 Nxc5 17. bxc5 Ne6 18. Nxe6 fxe6 19. Rab1 Qg4 20. Rb2
Rf7 21. Qe2 Qf5 22. Rcb1 e5 23. dxe5 Qxe5 24. Qd3 Qf6 25. Qd4 Qxd4 26. exd4 Re8
27. Kf1 Ree7 28. Re2 Rxe2 29. Kxe2 Re7+ 30. Kd3 Kf7 31. a4 Kf6 32. a5 Kf5 33.
Rb2 h5 34. f3 Kg5 35. g3 h4 36. Re2 Rxe2 37. Kxe2 hxg3 38. hxg3 Kf6 39. Ke3 Kf5
40. Kf2 Ke6 41. Ke3 Kf6 42. Kf4 Ke6 43. Kg5 Kd7 44. f4 Ke7 45. Kg6 Kf8 46. g4
Kg8 47. f5 Kf8 48. g5 Kg8 49. f6 gxf6 50. Kxf6 Kf8 51. g6 b5 52. axb6 axb6 53.
cxb6 Ke8 54. b7 Kd7 55. b8=Q c5 56. dxc5 Kc6 57. Qd6+ Kb5 58. g7 Kc4 59. g8=Q
Kd3 60. c6 Ke2 61. c7 d4 62. c8=Q Kd2 63. Qg2+ Kd1 64. Qcc2+ Ke1 65. Qdd5 d3
66. Qde4# {Hossa checkmated} 1-0

[Event "ICS rated blitz match"]
[Site "204.178.125.65"]
[Date "2000.10.06"]
[Round "?"]
[White "Hossa"]
[Black "felix"]
[Result "1-0"]
[WhiteElo "2509"]
[BlackElo "1988"]
[PlyCount "55"]
[EventDate "2000.??.??"]

1. e4 c5 2. Nf3 Nc6 3. Bb5 g6 4. O-O Bg7 5. Bxc6 bxc6 6. e5 d5 7. exd6 exd6 8.
Re1+ Be6 9. d4 cxd4 10. Nxd4 Qd7 11. Bg5 h6 12. Bf4 Nf6 13. Nxe6 fxe6 14. Qxd6
Qxd6 15. Bxd6 Nd5 16. Ba3 Kf7 17. Nd2 Rhd8 18. Nc4 Rab8 19. Rad1 Nb6 20. Nd6+
Kf6 21. Rd3 e5 22. Rxe5 Kxe5 23. Nf7+ Ke4 24. f3+ Kf5 25. g4+ Kf4 26. Nxd8 Nc4
27. Ne6+ Ke5 28. Nxg7 {felix resigns} 1-0

[Event "ICS Rated blitz match"]
[Site "204.178.125.65"]
[Date "2000.10.06"]
[Round "?"]
[White "fog"]
[Black "Hossa"]
[Result "0-1"]
[WhiteElo "2403"]
[BlackElo "2511"]
[PlyCount "82"]
[EventDate "2000.??.??"]

1. c4 e5 2. Nc3 Nf6 3. g3 d5 4. cxd5 Nxd5 5. Bg2 Nb6 6. Nf3 Nc6 7. O-O Be7 8.
d3 h5 9. h4 Bg4 10. a3 Qd7 11. b4 a6 12. Be3 Bh3 13. Bxh3 Qxh3 14. Bxb6 cxb6
15. Nd5 Bd8 16. Qd2 f6 17. d4 O-O 18. dxe5 fxe5 19. Ng5 Qf5 20. Ne3 Bxg5 21.
Qd5+ Qf7 22. hxg5 Rad8 23. Qxf7+ Kxf7 24. Rad1 Nd4 25. Kg2 Nxe2 26. Rxd8 Rxd8
27. Re1 Nc3 28. Nc4 e4 29. Re3 b5 30. Rxc3 bxc4 31. Rxc4 Re8 32. Kf1 Kg6 33.
Rc5 e3 34. f4 e2+ 35. Ke1 Re3 36. Rc7 Rxg3 37. Rxb7 h4 38. Kxe2 h3 39. Rb8 Kh7
40. g6+ Rxg6 41. Rd8 h2 {fog resigns} 0-1

[Event "ICS Rated blitz match"]
[Site "204.178.125.65"]
[Date "2000.10.06"]
[Round "?"]
[White "Hossa"]
[Black "fog"]
[Result "1-0"]
[WhiteElo "2522"]
[BlackElo "2392"]
[PlyCount "47"]
[EventDate "2000.??.??"]

1. d4 c5 2. d5 e5 3. e4 d6 4. Nc3 a6 5. f4 exf4 6. Bxf4 Ne7 7. Qf3 Ng6 8. O-O-O
Nxf4 9. Qxf4 Be7 10. Nf3 O-O 11. e5 dxe5 12. Qxe5 Bf6 13. Qe3 Re8 14. Qxc5 Bf5
15. d6 Bg6 16. Nd5 Nd7 17. Qf2 Rc8 18. Bd3 Qa5 19. Bxg6 hxg6 20. Kb1 Rc5 21.
Rhe1 Rec8 22. Ne7+ Bxe7 23. dxe7 Nf6 24. Rd8+ {fog resigns} 1-0

[Event "ICS Rated blitz match"]
[Site "204.178.125.65"]
[Date "2000.10.06"]
[Round "?"]
[White "fog"]
[Black "Hossa"]
[Result "0-1"]
[WhiteElo "2382"]
[BlackElo "2532"]
[PlyCount "34"]
[EventDate "2000.??.??"]

1. e3 e5 2. c4 Nc6 3. Nc3 Nf6 4. d3 d5 5. cxd5 Nxd5 6. Nf3 Bb4 7. Bd2 Nf6 8.
Be2 Bf5 9. a3 Bd6 10. O-O O-O 11. b4 a6 12. Qc2 Qd7 13. Na4 e4 14. dxe4 Bxe4
15. Qb2 Bxf3 16. Bxf3 Ne5 17. Bd1 Nc4 {fog resigns} 0-1

[Event "ICS Rated standard match"]
[Site "204.178.125.65"]
[Date "2000.10.06"]
[Round "?"]
[White "Hossa"]
[Black "Zippy"]
[Result "0-1"]
[WhiteElo "2392"]
[BlackElo "2289"]
[PlyCount "76"]
[EventDate "2000.??.??"]

1. e4 d6 2. d4 Nf6 3. Nc3 g6 4. g3 Bg7 5. Nge2 O-O 6. Bg2 e5 7. O-O exd4 8.
Nxd4 Re8 9. Re1 c6 10. Nb3 Ng4 11. Bf4 Ne5 12. Qc1 Nc4 13. Bg5 Qb6 14. Bh6 Bxh6
15. Qxh6 Nxb2 16. Rab1 Nc4 17. Nd2 Qd4 18. Nxc4 Qxc4 19. Re3 Nd7 20. Rd1 Qc5
21. Bf1 Nf6 22. Be2 b5 23. Rd2 b4 24. Na4 Qa5 25. Rxd6 Nxe4 26. Rd4 Bf5 27. g4
b3 28. axb3 Qe1+ 29. Kg2 Qxf2+ 30. Kh1 Bxg4 31. h3 Bxe2 32. Qf4 Qxf4 33. Rdd3
Qf1+ 34. Kh2 Qf2+ 35. Kh1 Bf3+ 36. Rxf3 Ng3+ 37. Rxg3 Re1+ 38. Rg1 Rxg1# {
Hossa checkmated} 0-1

[Event "ICS rated standard match"]
[Site "204.178.125.65"]
[Date "2000.10.06"]
[Round "?"]
[White "QueenMaxima"]
[Black "Hossa"]
[Result "0-1"]
[WhiteElo "2242"]
[BlackElo "2371"]
[PlyCount "80"]
[EventDate "2000.??.??"]

1. d4 d5 2. c4 dxc4 3. Nf3 Nf6 4. e3 b5 5. a4 c6 6. axb5 cxb5 7. b3 Be6 8. Nbd2
c3 9. Bxb5+ Bd7 10. Bxd7+ Nbxd7 11. Nc4 e6 12. O-O Ne4 13. Qc2 f5 14. Ra6 Be7
15. Rxe6 O-O 16. Nfe5 Nxe5 17. Rxe5 Bb4 18. f3 Nd6 19. Nxd6 Qxd6 20. Rxf5 Qb6
21. Rh5 g6 22. Rh6 Rad8 23. Qf2 Rf7 24. Rh3 Bd6 25. e4 Qxb3 26. Bg5 Rc8 27. Qe3
Qb2 28. e5 Be7 29. e6 Rg7 30. Bh6 c2 31. Rc1 Ba3 32. Qd3 Qxc1+ 33. Bxc1 Bxc1
34. Qb3 Rb7 35. Qd3 Bf4 36. Kf2 Rb2 37. Qe2 c1=Q 38. e7 Qe3+ 39. Kf1 Qxe2+ 40.
Kg1 Qxg2# {QueenMaxima checkmated} 0-1

[Event "ICS rated standard match"]
[Site "204.178.125.65"]
[Date "2000.10.07"]
[Round "?"]
[White "Zippy"]
[Black "Hossa"]
[Result "0-1"]
[WhiteElo "2310"]
[BlackElo "2381"]
[PlyCount "124"]
[EventDate "2000.??.??"]

1. e4 e6 2. d4 d5 3. Nc3 Bb4 4. e5 Ne7 5. a3 Bxc3+ 6. bxc3 c5 7. Bd2 Qc7 8. Nf3
b6 9. Rb1 Ng6 10. Bb5+ Bd7 11. O-O Bxb5 12. Rxb5 Nc6 13. g3 Na5 14. Bg5 Nc4 15.
Rb3 Rc8 16. Nh4 Nxh4 17. Bxh4 h6 18. g4 cxd4 19. cxd4 Na5 20. Rh3 Qxc2 21. f4
Qxd1 22. Rxd1 Rc2 23. Rdd3 Kd7 24. f5 Nc4 25. Rdf3 Rc8 26. fxe6+ Kxe6 27. Rc3
Nd2 28. Rxc8 Rxc8 29. Rd3 Rc1+ 30. Kg2 Nc4 31. Kf3 Ra1 32. Rc3 Rxa3 33. Rxa3
Nxa3 34. Ke3 Nc4+ 35. Kd3 a5 36. h3 b5 37. Be1 Ke7 38. Bh4+ Kd7 39. Kc3 b4+ 40.
Kb3 Nd2+ 41. Kc2 Nf3 42. Bf2 a4 43. Be3 Kc6 44. h4 Nxh4 45. Bf2 Nf3 46. Kd3 Nh2
47. g5 hxg5 48. Be3 Nf3 49. Kc2 Kb5 50. Kb2 Kc4 51. Ka2 g4 52. Bf4 Nxd4 53. Bg3
a3 54. e6 Ne2 55. Be1 fxe6 56. Bd2 Nc3+ 57. Ka1 g3 58. Bxc3 Kxc3 59. Kb1 g2 60.
Ka2 e5 61. Kb1 b3 62. Ka1 g1=Q# {Zippy checkmated} 0-1

[Event "ICS rated standard match"]
[Site "204.178.125.65"]
[Date "2000.10.07"]
[Round "?"]
[White "Hossa"]
[Black "Zippy"]
[Result "1-0"]
[WhiteElo "2394"]
[BlackElo "2297"]
[PlyCount "87"]
[EventDate "2000.??.??"]

1. e4 c5 2. Nf3 d6 3. d4 cxd4 4. Nxd4 Nf6 5. Nc3 g6 6. Be3 e5 7. Bb5+ Bd7 8.
Bxd7+ Nbxd7 9. Ndb5 Qb8 10. Nd5 Nxd5 11. Qxd5 a6 12. Nc3 Nf6 13. Qd3 Be7 14.
O-O Ng4 15. Nd5 Nxe3 16. Qxe3 Qd8 17. Qh6 Bf8 18. Qd2 Rc8 19. Qb4 b5 20. a4 Rc4
21. Qb3 Rxe4 22. axb5 a5 23. b6 Bg7 24. Rxa5 O-O 25. b7 Qxa5 26. b8=Q Re1 27.
Q8b5 Qd2 28. Rxe1 Qxe1+ 29. Qf1 Qxf1+ 30. Kxf1 e4 31. Qb4 Rd8 32. Ne7+ Kh8 33.
c3 f5 34. Nc6 Ra8 35. Qxd6 Bf8 36. Qe6 Kg7 37. Ke2 Kh6 38. Qf6 Kh5 39. g3 g5
40. Qf7+ Kg4 41. Qxh7 Bh6 42. Qxh6 f4 43. h3+ Kf5 44. g4# {Zippy checkmated}
1-0

[Event "ICS rated blitz match"]
[Site "204.178.125.65"]
[Date "2000.10.07"]
[Round "?"]
[White "Hossa"]
[Black "egya"]
[Result "1-0"]
[WhiteElo "2545"]
[BlackElo "1917"]
[PlyCount "31"]
[EventDate "2000.??.??"]

1. e4 d6 2. d4 c6 3. Nc3 Nd7 4. Nf3 b5 5. d5 cxd5 6. Qxd5 Nb6 7. Bxb5+ Bd7 8.
Qd3 Nf6 9. O-O e6 10. Rd1 Be7 11. Bf4 e5 12. Bg5 O-O 13. Nxe5 Bxb5 14. Qxb5 Qc7
15. Nc6 a6 16. Nxe7+ {egya resigns} 1-0

[Event "ICS rated blitz match"]
[Site "204.178.125.65"]
[Date "2000.10.07"]
[Round "?"]
[White "adek"]
[Black "Hossa"]
[Result "0-1"]
[WhiteElo "2266"]
[BlackElo "2546"]
[PlyCount "86"]
[EventDate "2000.??.??"]

1. d4 d5 2. c4 e6 3. Nf3 Nf6 4. Nc3 Nc6 5. Bg5 dxc4 6. e4 h6 7. Bh4 g5 8. d5
exd5 9. exd5 Qe7+ 10. Be2 Nb4 11. Bg3 Nd3+ 12. Kf1 Nxb2 13. Qd4 g4 14. Ne5 Bg7
15. Nxc4 Nxc4 16. Bxc4 Nh5 17. Bb5+ Kf8 18. Qd2 Nxg3+ 19. hxg3 Qb4 20. Rc1 Bxc3
21. Qxc3 Qxb5+ 22. Kg1 Kg8 23. Qf6 Qxd5 24. Rxc7 Qf5 25. Rxh6 Qxf6 26. Rxf6 Be6
27. Rxb7 Rd8 28. f3 Rd1+ 29. Kf2 Rd2+ 30. Ke3 Rxa2 31. fxg4 Rh2 32. g5 Rhxg2
33. g6 Rxg3+ 34. Kf4 Rxg6 35. Rxg6+ fxg6 36. Kg5 Bf7 37. Kf6 Ra6+ 38. Ke7 g5
39. Rb5 g4 40. Rg5+ Rg6 41. Ra5 g3 42. Ra1 g2 43. Rg1 Bd5 {adek resigns} 0-1

[Event "ICS rated blitz match"]
[Site "204.178.125.65"]
[Date "2000.10.07"]
[Round "?"]
[White "Hossa"]
[Black "adek"]
[Result "1/2-1/2"]
[WhiteElo "2551"]
[BlackElo "2261"]
[PlyCount "119"]
[EventDate "2000.??.??"]

1. e4 c5 2. Nf3 Nc6 3. d4 cxd4 4. Nxd4 g6 5. Nc3 Bg7 6. Be3 Nf6 7. Bc4 O-O 8.
Bb3 a5 9. f3 d5 10. Bxd5 Nb4 11. Bb3 Bd7 12. a3 Nc6 13. Nxc6 Bxc6 14. O-O a4
15. Bc4 Nd7 16. Qd2 Ne5 17. Ba2 Qa5 18. Qc1 Rfd8 19. Nd5 Bxd5 20. Bxd5 Nc6 21.
Re1 e6 22. Ba2 Rac8 23. c3 Ne5 24. Qc2 Nc4 25. Bxc4 Rxc4 26. Red1 Rcc8 27.
Rxd8+ Rxd8 28. Rd1 h5 29. Rxd8+ Qxd8 30. Qxa4 Qd3 31. Kf2 Bf6 32. Qa8+ Kg7 33.
Qxb7 Qc2+ 34. Kg3 Qe2 35. Qb6 g5 36. Bd4 e5 37. Be3 g4 38. Bf2 Bg5 39. Qc5 Bf4+
40. Kh4 gxf3 41. g3 Qxe4 42. gxf4 Qxf4+ 43. Kxh5 Qh6+ 44. Kg4 Qf4+ 45. Kh3 Qf5+
46. Kg3 Qf4+ 47. Kh3 Qf5+ 48. Kg3 Qf4+ 49. Kh3 Qf5+ 50. Kg3 Qf4+ 51. Kh3 Qf5+
52. Kh4 Qf4+ 53. Kh3 Qf5+ 54. Kh4 Qf4+ 55. Kh3 Qf5+ 56. Kh4 Qf4+ 57. Kh3 Qf5+
58. Kh4 Qf4+ 59. Kh3 Qf5+ 60. Kh4 {Game drawn by repetition} 1/2-1/2

[Event "ICS rated blitz match"]
[Site "204.178.125.65"]
[Date "2000.10.07"]
[Round "?"]
[White "Sweers"]
[Black "Hossa"]
[Result "0-1"]
[WhiteElo "1907"]
[BlackElo "2540"]
[PlyCount "86"]
[EventDate "2000.??.??"]

1. e4 c5 2. Nc3 d6 3. f4 Nc6 4. Bc4 Nf6 5. d3 e6 6. Nf3 d5 7. Bb5 dxe4 8. Bxc6+
bxc6 9. Nxe4 c4 10. O-O cxd3 11. cxd3 Nxe4 12. dxe4 Qb6+ 13. Kh1 Ba6 14. Re1
Bc5 15. f5 Rd8 16. Qc2 Bd3 17. Qc3 O-O 18. fxe6 Bb4 19. Qe5 Bxe1 20. e7 Rfe8
21. exd8=Q Qxd8 22. Qc5 Ba5 23. Bg5 Qb6 24. Qxb6 Bxb6 25. e5 Be2 26. Bf4 Bxf3
27. gxf3 Bd4 28. Rc1 c5 29. b3 a5 30. Rc4 f6 31. exf6 gxf6 32. Kg2 Re2+ 33. Kg3
Rxa2 34. Bd6 Rb2 35. Bxc5 Be5+ 36. Kg4 Rxb3 37. f4 Rc3 38. Rxc3 Bxc3 39. Kf5
Bb2 40. Ke6 a4 41. h4 Kg7 42. h5 Kh6 43. Be7 Kxh5 {Sweers resigns} 0-1

[Event "ICS rated standard match"]
[Site "204.178.125.65"]
[Date "2000.10.07"]
[Round "?"]
[White "megacapa"]
[Black "Hossa"]
[Result "0-1"]
[WhiteElo "2048"]
[BlackElo "2406"]
[PlyCount "53"]
[EventDate "2000.??.??"]

1. e4 e5 2. Nc3 Nf6 3. g3 d5 4. exd5 Nxd5 5. Bg2 Nxc3 6. bxc3 Bd6 7. Nf3 c5 8.
O-O O-O 9. d3 Nc6 10. Re1 Bg4 11. h3 Bh5 12. Be3 f5 13. Bg5 Qc7 14. Qc1 e4 15.
Nd2 f4 16. Nxe4 fxg3 17. fxg3 Bxg3 18. Nxg3 Qxg3 19. Qe3 Bf3 20. Re2 Rae8 21.
Qf2 Qxg2+ 22. Qxg2 Rxe2 23. Qg3 Rxc2 24. Rb1 Rxa2 25. Rf1 Rg2+ 26. Qxg2 Bxg2
27. Kxg2 {megacapa resigns} 0-1

[Event "ICS rated blitz match"]
[Site "204.178.125.65"]
[Date "2000.10.07"]
[Round "?"]
[White "Hossa"]
[Black "EXchess"]
[Result "1-0"]
[WhiteElo "2541"]
[BlackElo "2574"]
[PlyCount "199"]
[EventDate "2000.??.??"]

1. d4 d5 2. c3 Nc6 3. f4 Bg4 4. Nf3 e6 5. e3 Nf6 6. Qa4 Bxf3 7. gxf3 Nd7 8. Bb5
Qh4+ 9. Kd1 Qf2 10. Rf1 Qg2 11. Qc2 Qxc2+ 12. Kxc2 Bd6 13. e4 O-O 14. e5 Be7
15. Rg1 Kh8 16. Be3 Rad8 17. Nd2 Rfe8 18. Rg2 a6 19. Bd3 Nf8 20. Rag1 Ng6 21.
f5 exf5 22. f4 Rg8 23. Nf3 Na5 24. Bxf5 Nc4 25. Bc1 c5 26. b3 Na5 27. e6 fxe6
28. Bxe6 Rge8 29. f5 Bf6 30. Ng5 Rb8 31. Nf7+ Kg8 32. dxc5 Nh4 33. Rf2 Re7 34.
Bf4 Rf8 35. Ng5+ Rxe6 36. Nxe6 Rf7 37. Bg3 Re7 38. Nc7 Rd7 39. Rd1 Nc6 40. Nxd5
Nd4+ 41. Rxd4 Bxd4 42. cxd4 Rxd5 43. Bxh4 Rxd4 44. Be7 Kf7 45. f6 Rg4 46. Bd8
gxf6 47. Bxf6 h5 48. Bd8+ Ke6 49. Re2+ Kd5 50. Bb6 h4 51. Kc3 Re4 52. Rd2+ Ke6
53. Rd8 Rg4 54. Rd4 Kf5 55. Rd5+ Ke6 56. Rh5 Rf4 57. Kd3 Rf3+ 58. Ke4 Rh3 59.
Rh6+ Kf7 60. Bc7 Rc3 61. Bd6 Rc2 62. a4 Kg8 63. Rxh4 a5 64. Rg4+ Kf7 65. h4 Rc1
66. Kf4 Rb1 67. Rg3 Kf6 68. Bc7 Rf1+ 69. Rf3 Rc1 70. Rc3 Rf1+ 71. Kg3 Rg1+ 72.
Kf2 Rh1 73. Kg2 Rb1 74. Bxa5 Kf5 75. Bc7 Rb2+ 76. Kf3 Rb1 77. Rd3 Rf1+ 78. Kg2
Rc1 79. Bd6 Rb1 80. Rf3+ Kg6 81. Rg3+ Kh5 82. Be7 Rb2+ 83. Kh3 Rf2 84. Bd6 Kh6
85. b4 Rf6 86. b5 Kh5 87. Rg7 Rf3+ 88. Kg2 Ra3 89. Rxb7 Ra2+ 90. Kh3 Rd2 91. a5
Rd3+ 92. Bg3 Rd1 93. a6 Rh1+ 94. Kg2 Rc1 95. a7 Rxc5 96. a8=Q Rc2+ 97. Kh3 Rh2+
98. Bxh2 Kg6 99. Kg4 Kf6 100. Qa6# {EXchess checkmated} 1-0

[Event "ICS rated blitz match"]
[Site "204.178.125.65"]
[Date "2000.10.07"]
[Round "?"]
[White "EXchess"]
[Black "Hossa"]
[Result "1/2-1/2"]
[WhiteElo "2556"]
[BlackElo "2559"]
[PlyCount "210"]
[EventDate "2000.??.??"]

1. e4 e5 2. Nf3 Nc6 3. Bc4 Bc5 4. c3 Nf6 5. d3 d6 6. O-O O-O 7. Nbd2 a6 8. Bb3
Bg4 9. Nc4 Qe7 10. Bg5 h6 11. Bd2 Rfe8 12. Ne3 Be6 13. Ba4 Rf8 14. Bxc6 bxc6
15. d4 exd4 16. cxd4 Bb6 17. Qc2 c5 18. Bc3 cxd4 19. Bxd4 Rfe8 20. Bxf6 Qxf6
21. Nd5 Bxd5 22. exd5 Ba5 23. Rab1 Qf4 24. Rbc1 Qe4 25. Qc6 Qe2 26. Rc2 Qb5 27.
Qxb5 axb5 28. Nd4 Bb6 29. Nxb5 Rxa2 30. Rfc1 Bc5 31. Nc3 Ra5 32. Kf1 Raa8 33.
b4 Bxb4 34. Nb5 Re5 35. Nxc7 Rc8 36. Rc6 Ba5 37. f4 Rf5 38. Nb5 Rxc6 39. Rxc6
Rxf4+ 40. Ke2 Rh4 41. Nxd6 Rxh2 42. Kf3 Rh1 43. Rc8+ Kh7 44. Nc4 Rf1+ 45. Ke2
Re1+ 46. Kf2 Bb4 47. d6 Rd1 48. Rc6 f5 49. Ke3 Rd5 50. Kf4 g5+ 51. Kf3 Kg7 52.
Ke2 h5 53. Rb6 Bc3 54. Rb7+ Kf6 55. Rb6 Ke6 56. Rb7 Bf6 57. Rb8 g4 58. Re8+ Kf7
59. Ra8 h4 60. Ra7+ Kg6 61. d7 h3 62. gxh3 gxh3 63. Ne3 Rd6 64. Nf1 f4 65. Nh2
Kf5 66. Ra5+ Ke4 67. Ra7 Bd4 68. Rb7 Kf5 69. Nf3 Bf6 70. Rb5+ Kg4 71. Kf2 Bh4+
72. Ke2 Re6+ 73. Re5 Rxe5+ 74. Nxe5+ Kg3 75. Nf3 Bd8 76. Nd2 Ba5 77. Nf3 Bc7
78. Nd2 Bd8 79. Nf3 Bf6 80. Nd2 Kg2 81. Nf3 Bd8 82. Ne1+ Kg1 83. Nf3+ Kh1 84.
Ne1 Bb6 85. Kf3 Kg1 86. Kg4 Kf1 87. Nf3 Kf2 88. Kxf4 Bd8 89. Kg4 Kg2 90. Ne1+
Kf2 91. Kxh3 Kxe1 92. Kg4 Kf1 93. Kf5 Kg1 94. Ke6 Kh1 95. Kd6 Kh2 96. Kc6 Kh3
97. Kd6 Kh4 98. Kc6 Kh5 99. Kd6 Kh6 100. Kc6 Kh7 101. Kd6 Kh8 102. Kc6 Kg8 103.
Kd6 Kh8 104. Kc6 Kg8 105. Kd6 Kh8 {Game drawn by repetition} 1/2-1/2

[Event "ICS Rated blitz match"]
[Site "204.178.125.65"]
[Date "2000.10.07"]
[Round "?"]
[White "Varguz"]
[Black "Hossa"]
[Result "1-0"]
[WhiteElo "2725"]
[BlackElo "2559"]
[PlyCount "149"]
[EventDate "2000.??.??"]

1. e4 c5 2. Nc3 d6 3. f4 Nc6 4. Nf3 g6 5. Bb5 Bd7 6. Bxc6 bxc6 7. O-O Bg7 8. e5
Bg4 9. Qe2 d5 10. Qf2 d4 11. Ne4 Qb6 12. d3 Nh6 13. Nfd2 Be6 14. Nb3 Bxb3 15.
cxb3 O-O-O 16. Qc2 Ng4 17. Nxc5 Rd5 18. Na4 Qb5 19. h3 Ne3 20. Bxe3 dxe3 21.
Nc3 Qxd3 22. Qc1 e2 23. Nxe2 Kb7 24. Nc3 Rdd8 25. Rd1 Qa6 26. Kh1 Ka8 27. Qe3
Qb6 28. Qf3 Bh6 29. Na4 Qb5 30. Rac1 Kb8 31. Rc5 Rxd1+ 32. Qxd1 Qb7 33. Rc4 Ka8
34. Qf3 Rc8 35. Nc5 Qb6 36. e6 fxe6 37. Nxe6 Qb7 38. Qe4 Qd7 39. Kh2 Qb7 40.
Rb4 Qd7 41. Rd4 Qb7 42. Nc5 Qc7 43. g3 Bf8 44. Rd7 Qb6 45. Ne6 Qf2+ 46. Qg2
Qxg2+ 47. Kxg2 h5 48. Nxf8 Rxf8 49. Rxe7 Rf6 50. Kf3 c5 51. Ke4 Ra6 52. Kd5 Kb8
53. a3 h4 54. gxh4 Rf6 55. h5 gxh5 56. Ke5 Rb6 57. f5 Rxb3 58. f6 Rxb2 59. f7
Rf2 60. Re8+ Kc7 61. f8=Q Rxf8 62. Rxf8 Kc6 63. Rc8+ Kb5 64. Kd5 Ka4 65. Kc4
Kxa3 66. Rxc5 Kb2 67. Kb4 h4 68. Rc6 a5+ 69. Kxa5 Kb3 70. Rc7 Ka3 71. Rb7 Ka2
72. Ka4 Ka1 73. Kb3 Kb1 74. Rc7 Ka1 75. Rc1# {Hossa checkmated} 1-0

[Event "ICS rated blitz match"]
[Site "204.178.125.65"]
[Date "2000.10.07"]
[Round "?"]
[White "Hossa"]
[Black "EXchess"]
[Result "0-1"]
[WhiteElo "2550"]
[BlackElo "2545"]
[PlyCount "174"]
[EventDate "2000.??.??"]

1. e4 e5 2. Nf3 Nc6 3. Bb5 a6 4. Bxc6 dxc6 5. O-O f6 6. d4 exd4 7. Qxd4 Bd6 8.
Nbd2 Be6 9. Re1 Qe7 10. e5 fxe5 11. Nxe5 Bc5 12. Qd3 Nf6 13. Qe2 Bf5 14. Qf1
Be6 15. Ndf3 O-O 16. Ng5 Bf5 17. Ng6 Qxe1 18. Qxe1 Bxg6 19. Qe6+ Kh8 20. Qc4
Rae8 21. Nf3 Nd7 22. Be3 Bxe3 23. fxe3 Rxe3 24. Qd4 Re7 25. Qb4 c5 26. Qxb7
Bxc2 27. Qxa6 Be4 28. Ng5 Bd5 29. Qd3 Nf6 30. a4 Rfe8 31. Kf1 Re5 32. h4 Re3
33. Qc2 Rg3 34. Re1 Rf8 35. Nf3 Bxf3 36. gxf3 Rxf3+ 37. Kg2 Rf4 38. Kg3 Rg4+
39. Kh3 Rd8 40. Rd1 Re8 41. Qxc5 Rxa4 42. Rg1 Ne4 43. Qxc7 Nf2+ 44. Kg2 Nd3 45.
Qd7 Re2+ 46. Kh3 Nf2+ 47. Kg3 Rae4 48. h5 R4e3+ 49. Kh4 Rh3+ 50. Kg5 Re5+ 51.
Kf4 Re4+ 52. Kg5 Rhe3 53. Qc8+ Re8 54. Rc1 Ne4+ 55. Kh4 Nd6 56. Qg4 R3e4 57.
Rg1 Rb8 58. Qxe4 Nxe4 59. Rg4 Nf6 60. Ra4 Kg8 61. b4 Nd5 62. Ra7 Rxb4+ 63. Kh3
g5 64. hxg6 hxg6 65. Kg3 g5 66. Rd7 Nf6 67. Re7 Rb3+ 68. Kf2 g4 69. Kg2 g3 70.
Ra7 Nd5 71. Ra4 Kf7 72. Kh3 Kf6 73. Ra6+ Ke5 74. Ra1 Ne3 75. Rc1 Kf4 76. Kh4 g2
77. Kh5 Rd3 78. Kg6 Rd1 79. Rc6 g1=Q+ 80. Kf7 Rd8 81. Rg6 Qxg6+ 82. Kxg6 Nd5
83. Kg7 Rd7+ 84. Kg8 Ke5 85. Kh8 Ke6 86. Kg8 Nf6+ 87. Kh8 Rh7# {
Hossa checkmated} 0-1

[Event "ICS rated standard match"]
[Site "204.178.125.65"]
[Date "2000.10.07"]
[Round "?"]
[White "Hossa"]
[Black "Mefisto5000"]
[Result "1-0"]
[WhiteElo "2410"]
[BlackElo "2032"]
[PlyCount "90"]
[EventDate "2000.??.??"]

1. e4 e6 2. d4 d5 3. Nc3 Nf6 4. Bg5 Be7 5. e5 Nfd7 6. Bxe7 Qxe7 7. f4 c6 8. Qg4
g6 9. O-O-O b6 10. h4 h5 11. Qg3 a5 12. Nf3 a4 13. Nb1 b5 14. Qg5 Nb6 15. Qxe7+
Kxe7 16. c3 Na6 17. Bd3 Nc4 18. Bxc4 bxc4 19. Na3 Bd7 20. Kd2 Rab8 21. Rb1 Rb7
22. Rhc1 Rhb8 23. Rc2 Nc7 24. Ke3 Ne8 25. Re2 Ng7 26. Kf2 Nf5 27. Rd2 Be8 28.
g3 Bd7 29. Re2 Be8 30. Kg2 Bd7 31. Kh2 Be8 32. Rd2 Bd7 33. Kh3 Be8 34. Kg2 Ne3+
35. Kg1 Nf5 36. Rg2 Ne3 37. Re2 Nf5 38. Kh2 Bd7 39. Ng5 Rb6 40. Nh7 R6b7 41.
Kg2 Rb6 42. Nf6 R6b7 43. Kf3 Rb6 44. Rf2 R6b7 45. g4 Rb6 {Mefisto5000 resigns}
1-0